Who Sang It - 80's Hits - Statistics

General Stats
  • This quiz has been taken 877 times
  • The average score is 19 of 36
Answer Stats
Hint Answer % Correct
Livin' on a Prayer Bon Jovi
87%
Never Gonna Give You Up Rick Astley
82%
Take On Me a-ha
81%
The Final Countdown Europe
81%
Total Eclipse Of The Heart Bonnie Tyler
76%
Walk Like An Egyptian The Bangles
76%
Girls Just Wanna Have Fun Cyndi Lauper
75%
Billie Jean Michael Jackson
75%
Hungry Like the Wolf Duran Duran
73%
Every Breath You Take The Police
70%
Sweet Dreams (Are Made of This) Eurythmics
63%
99 Red Balloons Nena
61%
You Shook Me All Night Long AC/DC
60%
In the Air Tonight Phil Collins
60%
When Doves Cry Prince
58%
Don't You (Forget About Me) Simple Minds
57%
Shout Tears for Fears
56%
Head Over Heels Tears for Fears
56%
Tainted Love Soft Cell
51%
Dancing in the Dark Bruce Springsteen
49%
(You Gotta) Fight for Your Right (To Party!) Beastie Boys
48%
Come On Eileen Dexys Midnight Runners
48%
Invisible Touch Genesis
48%
West End Girls Pet Shop Boys
45%
Dancing With Myself Billy Idol
44%
It's Raining Men The Weather Girls
43%
Poison Alice Cooper
42%
Running Up That Hill Kate Bush
37%
I'm So Excited The Pointer Sisters
37%
Crazy Train Ozzy Osbourne
35%
Girl You Know It's True Milli Vanilli
32%
Never Tear Us Apart INXS
31%
All Out of Love Air Supply
28%
Road to Nowhere Talking Heads
25%
Could You Be Loved Bob Marley
22%
How Soon Is Now? The Smiths
19%
No matching quizzes found
Score Distribution
Percent of People with Each Score
Percentile by Number Answered
Your Score History
You have not taken this quiz